| 000 | 00447nam a22001217a 4500 | ||
|---|---|---|---|
| 999 |
_c38573 _d38573 |
||
| 082 | _aRP.0378 | ||
| 100 |
_aPathania, Anita _uHimachal Pradesh university, _vSummer hill, shimla |
||
| 245 |
_aImpact of mid-day meal scheme on enrollment, Retention and attendance in the state of himachal pradesh / _c Anita Pathania |
||
| 260 |
_aNew Delhi: _bIndian Council of Social Science Research _c2017 |
||
| 300 | _aIX,147p. | ||
| 536 | _aICSSR | ||
| 942 |
_2ddc _cRP |
||